000 00537nam a22001097a 4500
008 160321b xxu||||| |||| 00| 0 eng d
100 _aHarper, Alf
245 _aPostal stationery of Germany Third Reich (1933-45)
_btranslation of Neuer Ganzscahen Katalog - Walter Beckhaus
260 _aDEarlington, England
_bGermany & Colonies Philatelic Society
_c196-?
650 _aGermany | 1933-1945 | Postal Stationery | Postal Stationery -- Cards | Postal Markings | Slogan | Semi-official Issues | World War II, 1939-1945
700 _aBeckhaus, Walter
999 _c1870
_d1870